[Event "New Zealand Championship 2023"]
[Site "Wellington"]
[Date "2023.01.03"]
[Round "2.11"]
[White "Ha, Timothy Huy Minh"]
[Black "Van Riemsdijk, Herman C."]
[Result "0-1"]
[WhiteElo "1812"]
[BlackElo "2265"]

1. c4 {[%clk 01:30:56] [%emt 00:00:04]} 1... e6 {[%clk 01:30:25] [%emt
00:00:36]} 2. g3 {[%clk 01:31:07] [%emt 00:00:19]} 2... d5 {[%clk 01:30:42]
[%emt 00:00:12]} 3. Bg2 {[%clk 01:31:30] [%emt 00:00:07]} 3... Nf6 {[%clk
01:31:05] [%emt 00:00:07]} 4. d4 {[%clk 01:31:03] [%emt 00:00:57]} 4... Be7
{[%clk 01:31:26] [%emt 00:00:09]} 5. Nf3 {[%clk 01:30:37] [%emt 00:00:57]} 5...
O-O {[%clk 01:31:47] [%emt 00:00:08]} 6. O-O {[%clk 01:27:34] [%emt 00:03:33]}
6... dxc4 {[%clk 01:32:09] [%emt 00:00:08]} 7. Qc2 {[%clk 01:27:31] [%emt
00:00:34]} 7... a6 {[%clk 01:32:28] [%emt 00:00:12]} 8. Qxc4 {[%clk 01:27:14]
[%emt 00:00:47]} 8... b5 {[%clk 01:32:47] [%emt 00:00:09]} 9. Qc2 {[%clk
01:27:39] [%emt 00:00:05]} 9... Bb7 {[%clk 01:33:11] [%emt 00:00:07]} 10. Bg5
{[%clk 01:21:29] [%emt 00:06:41]} 10... Be4 {[%clk 01:32:23] [%emt 00:01:17]}
11. Qc1 {[%clk 01:21:32] [%emt 00:00:27]} 11... Nbd7 {[%clk 01:32:19] [%emt
00:00:34]} 12. Nbd2 {[%clk 01:19:02] [%emt 00:03:00]} 12... Bd5 {[%clk
01:25:39] [%emt 00:07:09]} 13. Re1 {[%clk 01:15:40] [%emt 00:03:52]} 13... Rc8
{[%clk 01:21:32] [%emt 00:04:37]} 14. Qd1 {[%clk 01:12:19] [%emt 00:03:51]}
14... c5 {[%clk 01:13:13] [%emt 00:08:49]} 15. e4 {[%clk 01:10:01] [%emt
00:02:48]} 15... Ba8 {[%clk 01:13:27] [%emt 00:00:16]} 16. e5 {[%clk 01:08:18]
[%emt 00:02:12]} 16... Nd5 {[%clk 01:13:48] [%emt 00:00:09]} 17. Bxe7 {[%clk
01:08:17] [%emt 00:00:32]} 17... Qxe7 {[%clk 01:13:21] [%emt 00:00:57]} 18. Ne4
{[%clk 01:05:41] [%emt 00:03:06]} 18... c4 {[%clk 01:10:05] [%emt 00:03:46]}
19. h4 {[%clk 01:02:20] [%emt 00:03:51]} 19... Nb4 {[%clk 01:09:13] [%emt
00:01:22]} 20. Bf1 {[%clk 01:01:22] [%emt 00:01:28]} 20... Rfd8 {[%clk
01:08:52] [%emt 00:00:50]} 21. a3 {[%clk 01:01:00] [%emt 00:00:54]} 21... Bxe4
{[%clk 00:59:49] [%emt 00:09:32]} 22. Rxe4 {[%clk 01:01:24] [%emt 00:00:07]}
22... Nd5 {[%clk 01:00:10] [%emt 00:00:08]} 23. Re1 {[%clk 00:55:53] [%emt
00:06:01]} 23... N7b6 {[%clk 00:59:24] [%emt 00:01:16]} 24. Ng5 {[%clk
00:52:20] [%emt 00:04:03]} 24... h6 {[%clk 00:58:11] [%emt 00:01:43]} 25. Ne4
{[%clk 00:52:33] [%emt 00:00:16]} 25... Rc7 {[%clk 00:55:59] [%emt 00:02:43]}
26. Qg4 {[%clk 00:48:57] [%emt 00:04:06]} 26... Na4 {[%clk 00:52:41] [%emt
00:03:48]} 27. Ra2 {[%clk 00:44:09] [%emt 00:05:18]} 27... Kh8 {[%clk 00:49:38]
[%emt 00:03:33]} 28. Nd6 {[%clk 00:41:45] [%emt 00:02:55]} 28... f5 {[%clk
00:47:44] [%emt 00:02:23]} 29. Qh5 {[%clk 00:41:23] [%emt 00:00:51]} 29... Kh7
{[%clk 00:47:54] [%emt 00:00:22]} 30. Bg2 {[%clk 00:37:55] [%emt 00:03:58]}
30... g6 {[%clk 00:48:01] [%emt 00:00:23]} 31. Qe2 {[%clk 00:37:48] [%emt
00:00:36]} 31... h5 {[%clk 00:44:58] [%emt 00:03:33]} 32. Bxd5 {[%clk 00:34:45]
[%emt 00:03:34]} 32... exd5 {[%clk 00:45:22] [%emt 00:00:06]} 33. Qd1 {[%clk
00:27:32] [%emt 00:07:43]} 33... Qe6 {[%clk 00:43:36] [%emt 00:02:15]} 34. Re3
{[%clk 00:22:16] [%emt 00:05:46]} 34... Nb6 {[%clk 00:41:53] [%emt 00:02:13]}
35. Rc3 {[%clk 00:21:00] [%emt 00:01:47]} 35... Nd7 {[%clk 00:41:33] [%emt
00:00:51]} 36. f4 {[%clk 00:19:09] [%emt 00:02:20]} 36... Nf6 {[%clk 00:39:45]
[%emt 00:02:17]} 37. b3 {[%clk 00:12:51] [%emt 00:06:49]} 37... Ne4 {[%clk
00:37:55] [%emt 00:02:20]} 38. Nxe4 {[%clk 00:13:07] [%emt 00:00:15]} 38...
dxe4 {[%clk 00:38:03] [%emt 00:00:22]} 39. bxc4 {[%clk 00:13:23] [%emt
00:00:14]} 39... Rxc4 {[%clk 00:37:36] [%emt 00:00:57]} 40. Rxc4 {[%clk
00:41:01] [%emt 00:02:52]} 40... Qxc4 {[%clk 01:07:55] [%emt 00:00:10]} 41. Rd2
{[%clk 00:38:39] [%emt 00:02:52]} 41... Qc3 {[%clk 00:59:19] [%emt 00:09:06]}
42. Kh2 {[%clk 00:38:45] [%emt 00:00:25]} 42... e3 {[%clk 00:54:40] [%emt
00:05:09]} 43. Rd3 {[%clk 00:32:42] [%emt 00:06:33]} 43... Qb2+ {[%clk
00:46:26] [%emt 00:08:44]} 44. Kh3 {[%clk 00:30:21] [%emt 00:02:50]} 44... Rc8
{[%clk 00:46:25] [%emt 00:00:32]} 45. Qb3 {[%clk 00:27:39] [%emt 00:03:12]}
45... Qc1 {[%clk 00:46:26] [%emt 00:00:29]} 46. Rd1 {[%clk 00:25:44] [%emt
00:02:24]} 46... Qc2 {[%clk 00:45:54] [%emt 00:01:03]} 47. Qf7+ {[%clk
00:22:02] [%emt 00:04:12]} 47... Kh6 {[%clk 00:46:13] [%emt 00:00:10]} 48. Rg1
{[%clk 00:21:51] [%emt 00:00:43]} 48... Qe2 {[%clk 00:45:59] [%emt 00:00:43]}
49. Qf6 {[%clk 00:21:33] [%emt 00:00:48]} 49... Rg8 {[%clk 00:39:32] [%emt
00:06:57]} 50. Qg5+ {[%clk 00:17:34] [%emt 00:04:30]} 50... Kh7 {[%clk
00:39:53] [%emt 00:00:08]} 51. Rc1 {[%clk 00:17:55] [%emt 00:00:08]} 51... Rg7
{[%clk 00:39:03] [%emt 00:01:21]} 52. e6 {[%clk 00:17:13] [%emt 00:01:12]}
52... Qd2 {[%clk 00:39:14] [%emt 00:00:19]} 53. Rc8 {[%clk 00:12:39] [%emt
00:05:03]} 53... Qe1 {[%clk 00:38:19] [%emt 00:01:25]} 54. Kh2 {[%clk 00:11:08]
[%emt 00:02:01]} 54... Qf2+ {[%clk 00:38:43] [%emt 00:00:07]} 55. Kh3 {[%clk
00:09:00] [%emt 00:02:40]} 55... Qg1 {[%clk 00:39:05] [%emt 00:00:06]} 56. Rc2
{[%clk 00:09:14] [%emt 00:00:16]} 56... Qh1+ {[%clk 00:39:30] [%emt 00:00:05]}
57. Rh2 {[%clk 00:09:29] [%emt 00:00:15]} 57... Qf1+ {[%clk 00:39:56] [%emt
00:00:05]} 0-1

[Event "New Zealand Championship 2023"]
[Site "Wellington"]
[Date "2023.01.03"]
[Round "2.12"]
[White "Langford, Joshua"]
[Black "Park-Tamati, Philli"]
[Result "1-0"]
[WhiteElo "2163"]
[BlackElo "2065"]

1. e4 {[%clk 01:30:49] [%emt 00:00:10]} 1... c6 {[%clk 01:30:53] [%emt
00:00:07]} 2. d4 {[%clk 01:31:15] [%emt 00:00:04]} 2... d5 {[%clk 01:31:19]
[%emt 00:00:04]} 3. e5 {[%clk 01:31:03] [%emt 00:00:42]} 3... c5 {[%clk
01:31:39] [%emt 00:00:10]} 4. Nf3 {[%clk 01:30:58] [%emt 00:00:35]} 4... Nc6
{[%clk 01:31:47] [%emt 00:00:22]} 5. dxc5 {[%clk 01:30:59] [%emt 00:00:29]}
5... e6 {[%clk 01:32:10] [%emt 00:00:07]} 6. Be3 {[%clk 01:30:55] [%emt
00:00:33]} 6... Nh6 {[%clk 01:32:32] [%emt 00:00:08]} 7. Bxh6 {[%clk 01:30:11]
[%emt 00:01:14]} 7... gxh6 {[%clk 01:32:51] [%emt 00:00:11]} 8. Bb5 {[%clk
01:29:28] [%emt 00:01:13]} 8... Bxc5 {[%clk 01:31:52] [%emt 00:01:29]} 9. O-O
{[%clk 01:29:12] [%emt 00:00:45]} 9... Bd7 {[%clk 01:29:42] [%emt 00:02:40]}
10. a4 {[%clk 01:26:53] [%emt 00:02:50]} 10... f6 {[%clk 01:11:42] [%emt
00:18:29]} 11. Qe2 {[%clk 01:15:15] [%emt 00:12:08]} 11... O-O {[%clk 01:10:35]
[%emt 00:01:38]} 12. Nbd2 {[%clk 01:08:15] [%emt 00:07:30]} 12... f5 {[%clk
01:01:54] [%emt 00:09:11]} 13. Nb3 {[%clk 01:05:24] [%emt 00:03:21]} 13... Be7
{[%clk 00:58:57] [%emt 00:03:27]} 14. Nbd4 {[%clk 01:01:05] [%emt 00:04:49]}
14... Qe8 {[%clk 00:54:34] [%emt 00:04:53]} 15. c3 {[%clk 00:45:39] [%emt
00:15:56]} 15... Bc5 {[%clk 00:44:17] [%emt 00:10:47]} 16. Nb3 {[%clk 00:34:16]
[%emt 00:11:53]} 16... Be7 {[%clk 00:35:53] [%emt 00:08:54]} 17. Nfd4 {[%clk
00:33:49] [%emt 00:00:57]} 17... Kh8 {[%clk 00:26:01] [%emt 00:10:22]} 18. f4
{[%clk 00:32:56] [%emt 00:01:23]} 18... Rg8 {[%clk 00:24:55] [%emt 00:01:36]}
19. Nxf5 {[%clk 00:23:18] [%emt 00:10:07]} 19... exf5 {[%clk 00:20:44] [%emt
00:04:41]} 20. e6 {[%clk 00:23:38] [%emt 00:00:11]} 20... Bc8 {[%clk 00:20:04]
[%emt 00:01:10]} 21. Bxc6 {[%clk 00:22:20] [%emt 00:01:48]} 21... Qxc6 {[%clk
00:20:04] [%emt 00:00:30]} 22. Qe5+ {[%clk 00:18:57] [%emt 00:03:53]} 22... Rg7
{[%clk 00:20:33] [%emt 00:00:01]} 23. Nd4 {[%clk 00:18:42] [%emt 00:00:45]}
23... Bc5 {[%clk 00:19:51] [%emt 00:01:12]} 24. Rae1 {[%clk 00:18:19] [%emt
00:00:53]} 24... Qd6 {[%clk 00:05:30] [%emt 00:14:52]} 25. Qxd6 {[%clk
00:12:16] [%emt 00:06:32]} 25... Bxd6 {[%clk 00:05:59]} 26. Nxf5 {[%clk
00:12:18] [%emt 00:00:29]} 26... Bc5+ {[%clk 00:06:06] [%emt 00:00:25]} 27. Nd4
{[%clk 00:08:12] [%emt 00:04:34]} 27... Rg6 {[%clk 00:06:35] [%emt 00:00:02]}
28. f5 {[%clk 00:07:27] [%emt 00:01:15]} 28... Rf6 {[%clk 00:07:01] [%emt
00:00:03]} 29. Re5 {[%clk 00:07:10] [%emt 00:00:47]} 29... b6 {[%clk 00:05:22]
[%emt 00:02:09]} 30. Rxd5 {[%clk 00:07:13] [%emt 00:00:27]} 30... Ba6 {[%clk
00:04:34] [%emt 00:01:19]} 31. Rf4 {[%clk 00:05:49] [%emt 00:01:54]} 31... Bb7
{[%clk 00:04:31] [%emt 00:00:33]} 32. Rd7 {[%clk 00:02:29] [%emt 00:03:50]}
32... Bc6 {[%clk 00:04:31] [%emt 00:00:32]} 33. Rc7 {[%clk 00:01:17] [%emt
00:01:41]} 33... Bd6 {[%clk 00:04:10] [%emt 00:00:51]} 34. Rxc6 {[%clk
00:00:46] [%emt 00:01:00]} 34... Bxf4 {[%clk 00:04:35] [%emt 00:00:05]} 35. g4
{[%clk 00:00:42] [%emt 00:00:34]} 35... h5 {[%clk 00:03:31] [%emt 00:01:33]}
36. h3 {[%clk 00:00:49] [%emt 00:00:24]} 36... hxg4 {[%clk 00:03:38] [%emt
00:00:23]} 37. hxg4 {[%clk 00:01:17] [%emt 00:00:01]} 37... Rg8 {[%clk
00:03:48] [%emt 00:00:20]} 38. Kf2 {[%clk 00:01:08] [%emt 00:00:39]} 38... h5
{[%clk 00:03:23] [%emt 00:00:54]} 39. e7 {[%clk 00:00:45] [%emt 00:00:53]}
39... Be5 {[%clk 00:02:24] [%emt 00:01:30]} 40. Ne6 {[%clk 00:30:49] [%emt
00:00:26]} 40... Re8 {[%clk 00:31:42] [%emt 00:01:12]} 41. Rc8 {[%clk 00:27:45]
[%emt 00:03:34]} 41... Bd4+ {[%clk 00:18:24] [%emt 00:13:48]} 42. cxd4 {[%clk
00:19:15] [%emt 00:09:01]} 42... Rxc8 {[%clk 00:18:51] [%emt 00:00:02]} 43. Nd8
{[%clk 00:19:32] [%emt 00:00:12]} 43... Rc2+ {[%clk 00:18:42] [%emt 00:00:39]}
44. Ke3 {[%clk 00:19:04] [%emt 00:00:59]} 1-0

[Event "New Zealand Championship 2023"]
[Site "Wellington"]
[Date "2023.01.03"]
[Round "2.13"]
[White "Zhang, Jasmine Haomo"]
[Black "Timergazi, Layla"]
[Result "1-0"]
[WhiteElo "2117"]
[BlackElo "2136"]

1. d4 {[%clk 01:30:56] [%emt 00:00:03]} 1... Nf6 {[%clk 01:30:40] [%emt
00:00:20]} 2. c4 {[%clk 01:28:41] [%emt 00:02:45]} 2... e6 {[%clk 01:30:22]
[%emt 00:00:48]} 3. Nc3 {[%clk 01:28:48] [%emt 00:00:23]} 3... Bb4 {[%clk
01:30:29] [%emt 00:00:23]} 4. e3 {[%clk 01:29:09] [%emt 00:00:09]} 4... O-O
{[%clk 01:30:31] [%emt 00:00:28]} 5. Ne2 {[%clk 01:29:13] [%emt 00:00:26]} 5...
d5 {[%clk 01:30:10] [%emt 00:00:52]} 6. a3 {[%clk 01:29:08] [%emt 00:00:35]}
6... Be7 {[%clk 01:28:37] [%emt 00:02:03]} 7. cxd5 {[%clk 01:29:14] [%emt
00:00:24]} 7... exd5 {[%clk 01:27:13] [%emt 00:01:54]} 8. Ng3 {[%clk 01:28:03]
[%emt 00:01:41]} 8... Be6 {[%clk 01:23:14] [%emt 00:04:30]} 9. Bd3 {[%clk
01:27:44] [%emt 00:00:49]} 9... Re8 {[%clk 01:21:33] [%emt 00:02:11]} 10. O-O
{[%clk 01:26:58] [%emt 00:01:16]} 10... Nbd7 {[%clk 01:18:10] [%emt 00:03:54]}
11. Bc2 {[%clk 01:16:16] [%emt 00:11:12]} 11... Nf8 {[%clk 01:16:55] [%emt
00:01:45]} 12. Nce2 {[%clk 01:13:01] [%emt 00:03:45]} 12... Bd6 {[%clk
01:13:48] [%emt 00:03:37]} 13. Nf4 {[%clk 01:05:38] [%emt 00:07:52]} 13... Bg4
{[%clk 01:12:32] [%emt 00:01:47]} 14. f3 {[%clk 01:03:00] [%emt 00:03:08]}
14... Bxf4 {[%clk 01:11:11] [%emt 00:01:50]} 15. exf4 {[%clk 01:00:13] [%emt
00:03:18]} 15... Bd7 {[%clk 01:10:07] [%emt 00:01:35]} 16. f5 {[%clk 01:00:26]
[%emt 00:00:17]} 16... Bb5 {[%clk 01:07:42] [%emt 00:02:55]} 17. Bd3 {[%clk
00:58:19] [%emt 00:02:36]} 17... Bxd3 {[%clk 01:04:55] [%emt 00:03:17]} 18.
Qxd3 {[%clk 00:58:43] [%emt 00:00:06]} 18... Qd6 {[%clk 01:04:33] [%emt
00:00:51]} 19. Kh1 {[%clk 00:54:11] [%emt 00:05:03]} 19... b6 {[%clk 00:58:26]
[%emt 00:06:38]} 20. b4 {[%clk 00:53:08] [%emt 00:01:32]} 20... a5 {[%clk
00:55:53] [%emt 00:03:03]} 21. b5 {[%clk 00:53:07] [%emt 00:00:31]} 21... g6
{[%clk 00:52:40] [%emt 00:03:43]} 22. Bg5 {[%clk 00:46:23] [%emt 00:07:13]}
22... h5 {[%clk 00:46:15] [%emt 00:06:56]} 23. Rac1 {[%clk 00:38:35] [%emt
00:08:18]} 23... N6h7 {[%clk 00:39:16] [%emt 00:07:28]} 24. Rc6 {[%clk
00:38:17] [%emt 00:00:48]} 24... Qd7 {[%clk 00:39:07] [%emt 00:00:39]} 25. Bf4
{[%clk 00:28:05] [%emt 00:10:42]} 25... h4 {[%clk 00:34:51] [%emt 00:04:46]}
26. Rxc7 {[%clk 00:26:01] [%emt 00:02:33]} 26... Qd8 {[%clk 00:33:45] [%emt
00:01:36]} 27. fxg6 {[%clk 00:26:20] [%emt 00:00:11]} 27... fxg6 {[%clk
00:23:38] [%emt 00:10:38]} 28. Ne2 {[%clk 00:23:32] [%emt 00:03:17]} 28... g5
{[%clk 00:17:40] [%emt 00:06:28]} 29. Be5 {[%clk 00:22:33] [%emt 00:01:30]}
29... Rxe5 {[%clk 00:14:04] [%emt 00:04:05]} 30. dxe5 {[%clk 00:22:57] [%emt
00:00:05]} 30... Qxc7 {[%clk 00:14:33] [%emt 00:00:02]} 31. Qxd5+ {[%clk
00:23:21] [%emt 00:00:06]} 31... Kh8 {[%clk 00:15:01] [%emt 00:00:02]} 32. Qxa8
{[%clk 00:23:40] [%emt 00:00:12]} 32... Qxe5 {[%clk 00:15:05] [%emt 00:00:23]}
33. Qe4 {[%clk 00:23:25] [%emt 00:00:45]} 33... Qxb5 {[%clk 00:15:09] [%emt
00:00:27]} 34. Rb1 {[%clk 00:23:12] [%emt 00:00:42]} 1-0

[Event "New Zealand Championship 2023"]
[Site "Wellington"]
[Date "2023.01.03"]
[Round "2.14"]
[White "Sole, Michael D"]
[Black "Davis, Johnathan"]
[Result "1-0"]
[WhiteElo "2142"]
[BlackElo "1940"]

1. e4 {[%clk 01:30:56] [%emt 00:00:04]} 1... c5 {[%clk 01:30:49] [%emt
00:00:12]} 2. Nf3 {[%clk 01:31:19] [%emt 00:00:07]} 2... d6 {[%clk 01:31:04]
[%emt 00:00:14]} 3. d4 {[%clk 01:31:35] [%emt 00:00:14]} 3... cxd4 {[%clk
01:31:29] [%emt 00:00:05]} 4. Nxd4 {[%clk 01:31:55] [%emt 00:00:09]} 4... Nf6
{[%clk 01:31:54] [%emt 00:00:05]} 5. Nc3 {[%clk 01:32:11] [%emt 00:00:14]} 5...
a6 {[%clk 01:32:19] [%emt 00:00:05]} 6. Be3 {[%clk 01:32:17] [%emt 00:00:24]}
6... e5 {[%clk 01:32:24] [%emt 00:00:24]} 7. Nb3 {[%clk 01:32:38] [%emt
00:00:09]} 7... Be6 {[%clk 01:32:43] [%emt 00:00:12]} 8. h3 {[%clk 01:32:28]
[%emt 00:00:39]} 8... d5 {[%clk 01:31:45] [%emt 00:01:28]} 9. exd5 {[%clk
01:28:27] [%emt 00:04:32]} 9... Nxd5 {[%clk 01:31:42] [%emt 00:00:33]} 10. Nxd5
{[%clk 01:26:02] [%emt 00:02:54]} 10... Bxd5 {[%clk 01:31:00] [%emt 00:01:12]}
11. Qh5 {[%emt 00:11:20]} 11... Qc7 {[%clk 01:27:19]} 12. O-O-O {[%clk
01:10:04] [%emt 00:09:47]} 12... Be6 {[%clk 01:25:52] [%emt 00:01:56]} 13. Bd3
{[%clk 01:05:41] [%emt 00:04:54]} 13... Nc6 {[%clk 01:25:56] [%emt 00:00:26]}
14. Kb1 {[%clk 01:00:43] [%emt 00:05:28]} 14... g6 {[%clk 01:23:17] [%emt
00:03:10]} 15. Qh4 {[%clk 00:56:16] [%emt 00:04:56]} 15... Nb4 {[%clk 01:18:43]
[%emt 00:05:05]} 16. f4 {[%clk 00:49:34] [%emt 00:07:12]} 16... Rc8 {[%clk
01:15:36] [%emt 00:03:37]} 17. Qf2 {[%clk 00:48:40] [%emt 00:01:23]} 17... Qc6
{[%clk 01:09:07] [%emt 00:06:59]} 18. a3 {[%clk 00:46:03] [%emt 00:03:08]}
18... Nd5 {[%clk 01:04:22] [%emt 00:05:15]} 19. Bd2 {[%clk 00:44:36] [%emt
00:01:57]} 19... Qa4 {[%clk 00:59:24] [%emt 00:05:28]} 20. fxe5 {[%clk
00:34:24] [%emt 00:10:42]} 20... Bxa3 {[%clk 00:55:02] [%emt 00:04:53]} 21.
bxa3 {[%clk 00:28:46] [%emt 00:06:08]} 21... Qxa3 {[%clk 00:47:47] [%emt
00:07:45]} 22. Qd4 {[%clk 00:28:26] [%emt 00:00:50]} 22... Nc3+ {[%clk
00:44:23] [%emt 00:03:54]} 23. Bxc3 {[%clk 00:28:29] [%emt 00:00:28]} 23...
Bxb3 {[%clk 00:43:46] [%emt 00:01:07]} 24. cxb3 {[%clk 00:28:37] [%emt
00:00:22]} 24... Qxb3+ {[%clk 00:43:45] [%emt 00:00:31]} 25. Bb2 {[%clk
00:28:48] [%emt 00:00:18]} 1-0

[Event "New Zealand Championship 2023"]
[Site "Wellington"]
[Date "2023.01.03"]
[Round "2.15"]
[White "Qin, Oscar Shu Xuan"]
[Black "Tang, Hao"]
[Result "1/2-1/2"]
[WhiteElo "1964"]
[BlackElo "2133"]

1. e4 {[%clk 01:30:54] [%emt 00:00:05]} 1... d5 {[%clk 01:30:51] [%emt
00:00:10]} 2. exd5 {[%clk 01:31:12] [%emt 00:00:12]} 2... Qxd5 {[%clk 01:31:14]
[%emt 00:00:07]} 3. Nc3 {[%clk 01:31:34] [%emt 00:00:07]} 3... Qa5 {[%clk
01:31:39] [%emt 00:00:06]} 4. d4 {[%clk 01:31:48] [%emt 00:00:15]} 4... Nf6
{[%clk 01:32:02] [%emt 00:00:07]} 5. Nf3 {[%clk 01:32:02] [%emt 00:00:16]} 5...
Bg4 {[%clk 01:31:17] [%emt 00:01:15]} 6. h3 {[%clk 01:32:06] [%emt 00:00:26]}
6... Bh5 {[%clk 01:31:41] [%emt 00:00:07]} 7. g4 {[%clk 01:31:56] [%emt
00:00:39]} 7... Bg6 {[%clk 01:31:57] [%emt 00:00:15]} 8. Ne5 {[%clk 01:31:43]
[%emt 00:00:40]} 8... e6 {[%clk 01:27:54] [%emt 00:04:35]} 9. Bd2 {[%clk
01:21:25] [%emt 00:10:48]} 9... c6 {[%clk 01:26:34] [%emt 00:01:50]} 10. h4
{[%clk 01:20:29] [%emt 00:01:27]} 10... Nbd7 {[%clk 01:20:30] [%emt 00:06:33]}
11. Nxd7 {[%clk 01:16:29] [%emt 00:04:31]} 11... Nxd7 {[%clk 01:19:28] [%emt
00:01:32]} 12. h5 {[%clk 01:16:41] [%emt 00:00:18]} 12... Bxh5 {[%clk 01:11:46]
[%emt 00:08:12]} 13. Rxh5 {[%clk 01:15:38] [%emt 00:01:34]} 13... Qb6 {[%clk
01:11:37] [%emt 00:00:38]} 14. Qf3 {[%clk 01:08:00] [%emt 00:08:08]} 14... Qxd4
{[%clk 01:06:42] [%emt 00:05:26]} 15. Qf4 {[%clk 00:54:50] [%emt 00:13:39]}
15... Qxf4 {[%clk 01:01:09] [%emt 00:06:04]} 16. Bxf4 {[%clk 00:55:09] [%emt
00:00:11]} 16... Nf6 {[%clk 01:00:40] [%emt 00:00:58]} 17. Rh4 {[%clk 00:53:39]
[%emt 00:01:59]} 17... O-O-O {[%clk 00:59:08] [%emt 00:02:02]} 18. Bd3 {[%clk
00:53:21] [%emt 00:00:49]} 18... Be7 {[%clk 00:54:20] [%emt 00:05:18]} 19. g5
{[%clk 00:50:53] [%emt 00:02:59]} 19... Nd5 {[%clk 00:54:34] [%emt 00:00:16]}
20. Nxd5 {[%clk 00:46:53] [%emt 00:04:30]} 20... Rxd5 {[%clk 00:54:41] [%emt
00:00:22]} 21. Rg4 {[%clk 00:44:34] [%emt 00:02:50]} 21... Rd4 {[%clk 00:48:39]
[%emt 00:06:31]} 22. Ke2 {[%clk 00:40:13] [%emt 00:04:51]} 22... h5 {[%clk
00:36:59] [%emt 00:12:10]} 23. Rh1 {[%clk 00:29:28] [%emt 00:11:14]} 23... Bd6
{[%clk 00:24:11] [%emt 00:13:16]} 24. Ke3 {[%clk 00:21:01] [%emt 00:09:01]}
24... Bc5 {[%clk 00:24:12] [%emt 00:00:28]} 25. Rgg1 {[%clk 00:18:42] [%emt
00:02:50]} 25... Ra4+ {[%clk 00:22:34] [%emt 00:02:07]} 26. Kf3 {[%clk
00:19:00] [%emt 00:00:12]} 26... Bxf2 {[%clk 00:22:13] [%emt 00:00:51]} 27. Ra1
{[%clk 00:18:24] [%emt 00:01:06]} 27... Bd4 {[%clk 00:19:57] [%emt 00:02:45]}
28. c3 {[%clk 00:18:41] [%emt 00:00:15]} 28... Bb6 {[%clk 00:18:32] [%emt
00:01:53]} 29. a3 {[%clk 00:15:51] [%emt 00:03:22]} 29... Ra5 {[%clk 00:15:03]
[%emt 00:03:58]} 30. Rae1 {[%clk 00:15:49] [%emt 00:00:32]} 30... Bc7 {[%clk
00:12:42] [%emt 00:02:52]} 31. g6 {[%clk 00:12:25] [%emt 00:03:55]} 31... Rf8
{[%clk 00:06:00] [%emt 00:07:09]} 32. Be3 {[%clk 00:11:21] [%emt 00:01:36]}
32... fxg6+ {[%clk 00:04:04] [%emt 00:02:26]} 33. Ke2 {[%clk 00:11:35] [%emt
00:00:16]} 33... Re5 {[%clk 00:02:49] [%emt 00:01:45]} 34. Kd2 {[%clk 00:10:13]
[%emt 00:01:53]} 34... Rd5 {[%clk 00:02:29] [%emt 00:00:48]} 35. Kc2 {[%clk
00:10:20] [%emt 00:00:25]} 35... Bf4 {[%clk 00:02:16] [%emt 00:00:43]} 36. Bxa7
{[%clk 00:09:45] [%emt 00:01:06]} 36... Rfd8 {[%clk 00:02:09] [%emt 00:00:36]}
37. Bc4 {[%clk 00:07:45] [%emt 00:02:31]} 37... Rd2+ {[%clk 00:02:13] [%emt
00:00:25]} 38. Kb3 {[%clk 00:08:07] [%emt 00:00:09]} 38... e5 {[%clk 00:02:10]
[%emt 00:00:33]} 39. Bb6 {[%clk 00:07:39] [%emt 00:00:57]} 39... R8d6 {[%clk
00:01:34] [%emt 00:01:05]} 40. Bc5 {[%clk 00:37:17] [%emt 00:00:53]} 40... Rd8
{[%clk 00:30:58] [%emt 00:01:03]} 41. Bb6 {[%clk 00:35:27] [%emt 00:02:23]}
41... R8d6 {[%clk 00:27:21] [%emt 00:04:07]} 42. Bc5 {[%clk 00:35:47] [%emt
00:00:11]} 1/2-1/2

[Event "New Zealand Championship 2023"]
[Site "Wellington"]
[Date "2023.01.03"]
[Round "2.16"]
[White "Wang, Aaron Ziwen"]
[Black "Ning, Isabelle Yixuan"]
[Result "0-1"]
[WhiteElo "1945"]
[BlackElo "2109"]

1. c4 Nf6 2. Nc3 g6 3. Nf3 Bg7 4. g3 O-O 5. Bg2 d6 6. d4 Nbd7 7. b3 e5 8. dxe5
dxe5 9. e4 c6 10. O-O Qe7 11. Qc2 a6 12. a4 Rd8 13. Rd1 Nf8 14. Ba3 Rxd1+ 15.
Qxd1 Qe8 16. h3 b5 17. Bxf8 Qxf8 18. axb5 cxb5 19. cxb5 Bb7 20. bxa6 Bxa6 21.
Nxe5 Nh5 22. Nd7 Qc8 23. Nb6 Qxc3 24. Rc1 Be2 25. Rxc3 Bxd1 26. Rd3 Ra1 27.
Rd8+ Bf8 28. Kh2 Kg7 29. Nd7 Be7 30. Rb8 Rb1 31. e5 Rxb3 32. Re8 Bb4 33. g4 Rd3
34. Bc6 Nf4 35. Nf6 Rxh3+ 36. Kg1 Bf8 37. Nd7 Ne6 38. Bd5 Bf3 39. Bxf3 Rxf3 40.
Nxf8 Nxf8 41. Ra8 Rf4 0-1

[Event "New Zealand Championship 2023"]
[Site "Wellington"]
[Date "2023.01.03"]
[Round "2.17"]
[White "Mao, Daqi"]
[Black "Tanoi, T Edward"]
[Result "1/2-1/2"]
[WhiteElo "2085"]
[BlackElo "1993"]

1. d4 Nf6 2. c4 e6 3. Nf3 d5 4. Nc3 c6 5. e3 Nbd7 6. Qc2 a6 7. a4 Bd6 8. Bd3
O-O 9. O-O e5 10. cxd5 cxd5 11. dxe5 Nxe5 12. Nxe5 Bxe5 13. f4 Bd6 14. Rd1 Bg4
15. Be2 Bxe2 16. Qxe2 Bb4 17. Bd2 Qa5 18. Be1 Rfe8 19. Rd3 Rad8 20. Rad1 Bxc3
21. Bxc3 Qxa4 22. Bxf6 gxf6 23. Qg4+ Kh8 24. Qh5 Kg7 25. Qg4+ Kh8 26. Qh5 Kg7
27. Qg4+ Kf8 28. Qf5 Kg7 29. Qg4+ Kh8 30. Qh5 1/2-1/2